[Event "Schleswig Holstein-ch Meisterklasse"]
[Site "Ratzeburg"]
[Date "2017.04.13"]
[Round "4.2"]
[White "Moeller, Dustin"]
[Black "Krueger, Wolfgang"]
[Result "0-1"]
[WhiteElo "2060"]
[BlackElo "2120"]
[PlyCount "58"]
[EventDate "2017.04.13"]
[EventType "tourn"]
[EventRounds "9"]
[EventCountry "GER"]
[SourceTitle "EXT 2022"]
[Source "ChessBase"]
[SourceDate "2021.10.06"]
[SourceVersion "1"]
[SourceVersionDate "2021.10.06"]
[SourceQuality "1"]

1. d4 g6 2. c4 Bg7 3. e4 d6 4. Nc3 Nc6 5. Be3 e5 6. d5 Nd4 7. Nge2 Nxe2 8. Bxe2 f5 9. exf5 Bxf5 10. g4 Bd7 11. h4 a6 12. h5 g5 13. Qc2 h6 14. Qg6+ Kf8 15. Rh3 Bf6 16. c5 Be8 17. Qe4 Be7 18. cxd6 cxd6 19. a4 Nf6 20. Qb4 b5 21. a5 Rc8 22. Bb6 Qd7 23. Bd3 Qb7 24. Bf5 Rc4 25. Qb3 Nxd5 26. Bd3 Nf4 27. Be4 Rxe4+ 28. Nxe4 Qxe4+ 29. Re3 Qh1+ 0-1

[Event "Schleswig Holstein-ch Meisterklasse"]
[Site "Ratzeburg"]
[Date "2017.04.13"]
[Round "8.4"]
[White "Svane, Frederik"]
[Black "Krueger, Wolfgang"]
[Result "1/2-1/2"]
[WhiteElo "2155"]
[BlackElo "2120"]
[PlyCount "49"]
[EventDate "2017.04.13"]
[EventType "tourn"]
[EventRounds "9"]
[EventCountry "GER"]
[SourceTitle "EXT 2022"]
[Source "ChessBase"]
[SourceDate "2021.10.06"]
[SourceVersion "1"]
[SourceVersionDate "2021.10.06"]
[SourceQuality "1"]

1. c4 Nf6 2. Nf3 g6 3. b3 Bg7 4. Bb2 0-0 5. e3 d6 6. Be2 e5 7. d3 Nbd7 8. Nbd2 a5 9. 0-0 b6 10. Qc2 Nc5 11. a3 Bd7 12. Rfe1 h6 13. Bf1 Re8 14. d4 exd4 15. Nxd4 Nce4 16. Nxe4 Nxe4 17. g3 f5 18. Bg2 Qf6 19. Rab1 Qe7 20. Ne2 Bxb2 21. Qxb2 Qg7 22. Nf4 Qxb2 23. Rxb2 Kf7 24. Nd5 Ra7 25. Rd1 1/2-1/2

[Event "Schleswig Holstein-ch M"]
[Site "Eckernfoerde"]
[Date "2016.03.20"]
[Round "2"]
[White "Rickert, Heiko"]
[Black "Krueger, Wolfgang"]
[Result "0-1"]
[WhiteElo "1986"]
[BlackElo "2094"]
[PlyCount "60"]
[EventDate "2016.03.19"]
[EventType "swiss"]
[EventRounds "9"]
[EventCountry "GER"]
[SourceTitle "EXT 2018"]
[Source "ChessBase"]
[SourceDate "2017.10.13"]
[SourceVersion "1"]
[SourceVersionDate "2017.10.13"]
[SourceQuality "1"]

1. e4 c5 2. c3 d5 3. exd5 Qxd5 4. d4 Nc6 5. Nf3 Bf5 6. Na3 cxd4 7. cxd4 e5 8. Nxe5 Nxe5 9. dxe5 Bb4+ 10. Bd2 Qxe5+ 11. Be2 Qxb2 12. Qa4+ Bd7 13. Qxb4 Qxa1+ 14. Nb1 Ne7 15. Bc3 Qxa2 16. Bc4 Qa4 17. 0-0 Qxb4 18. Bxb4 Be6 19. Re1 Rc8 20. Bb5+ Nc6 21. f4 g6 22. g4 Kd8 23. Bc3 Re8 24. Bf6+ Kc7 25. Nc3 Bxg4 26. Nd5+ Kd6 27. Ne3 Be6 28. Ba4 Kc7 29. Rc1 Kb8 30. Be5+ Nxe5 0-1

[Event "GER-ch45 final email"]
[Site "GER email"]
[Date "2015.10.19"]
[Round "?"]
[White "Hesse, Olaf"]
[Black "Krueger, Wolfgang"]
[Result "1/2-1/2"]
[WhiteElo "2386"]
[BlackElo "2361"]
[PlyCount "103"]
[EventDate "2015.??.??"]
[EventType "tourn (corr)"]
[EventRounds "10"]
[EventCountry "GER"]
[SourceTitle "Corr 2017"]
[Source "ChessBase"]
[SourceDate "2017.09.19"]
[SourceVersion "1"]
[SourceVersionDate "2017.09.19"]
[SourceQuality "1"]

1. e4 e5 2. Nf3 Nc6 3. Bb5 a6 4. Ba4 Nf6 5. 0-0 Bc5 6. c3 b5 7. Bc2 d5 8. a4 dxe4 9. axb5 Bg4 10. bxc6 exf3 11. gxf3 Be6 12. Ra5 Qd6 13. f4 e4 14. d4 exd3 15. Qxd3 0-0 16. Qxd6 Bxd6 17. Rd1 Rfe8 18. Be3 Ng4 19. b4 g6 20. Na3 h5 21. Kg2 Nxe3+ 22. fxe3 Bg4 23. Rxd6 cxd6 24. Kf2 Be6 25. e4 Rec8 26. f5 gxf5 27. exf5 Rxc6 28. fxe6 fxe6 29. Nb1 d5 30. Bd3 Ra7 31. Ke3 Rg7 32. Bxa6 Rg2 33. b5 Rb6 34. Nd2 Rxh2 35. Nf3 Rh3 36. Bc8 Kg7 37. Bd7 Rd6 38. Ra7 Kf6 39. Rc7 Rb6 40. Rc8 Ke7 41. Bc6 Rg3 42. Kf2 h4 43. Rh8 Rh3 44. Ke3 Kd6 45. Rc8 Rg3 46. Kf4 Rg2 47. Rd8+ Ke7 48. Rh8 Kd6 49. Rd8+ Ke7 50. Rh8 Kd6 51. Ne5 Rg7 52. Rd8+ 1/2-1/2

[Event "GER-ch45 final email"]
[Site "GER email"]
[Date "2015.10.19"]
[Round "?"]
[White "Krueger, Wolfgang"]
[Black "Betker, Joerg"]
[Result "1/2-1/2"]
[WhiteElo "2361"]
[BlackElo "2448"]
[PlyCount "101"]
[EventDate "2015.??.??"]
[EventType "tourn (corr)"]
[EventRounds "10"]
[EventCountry "GER"]
[SourceTitle "Corr 2017"]
[Source "ChessBase"]
[SourceDate "2017.09.19"]
[SourceVersion "1"]
[SourceVersionDate "2017.09.19"]
[SourceQuality "1"]

1. d4 Nf6 2. c4 e6 3. Nf3 d5 4. Nc3 Be7 5. Bf4 0-0 6. a3 b6 7. e3 c5 8. Qc2 Nc6 9. dxc5 bxc5 10. cxd5 exd5 11. Bb5 Bb7 12. 0-0 Nh5 13. Bg3 Nxg3 14. hxg3 d4 15. Rad1 Qb6 16. Bxc6 Qxc6 17. exd4 cxd4 18. Rxd4 Bf6 19. Re4 Rac8 20. Ra4 a6 21. Qb3 Bxc3 22. bxc3 Rc7 23. Rb4 Bc8 24. Rc1 Be6 25. Qc2 Qc5 26. Qa4 Ra8 27. Rf4 Rb7 28. Nd2 Rd7 29. Nb3 Qb5 30. Qxb5 axb5 31. Rb4 Rd5 32. Nd4 Bd7 33. Rb3 h5 34. Re1 f6 35. Re2 Kf7 36. Kf1 b4 37. Rxb4 Rxa3 38. Rc4 Ra1+ 39. Re1 Ra7 40. Rb1 g5 41. f3 Bf5 42. Rd1 Rdd7 43. Rd2 Be6 44. Rc5 Kg6 45. Rc2 Bd5 46. Kf2 Rac7 47. Rxc7 Rxc7 48. Rc1 Rc5 49. Ke3 Bf7 50. Kd2 Bc4 51. Ra1 1/2-1/2

[Event "GER-ch45 final email"]
[Site "GER email"]
[Date "2015.10.19"]
[Round "?"]
[White "Krueger, Wolfgang"]
[Black "Kloster, Josef"]
[Result "0-1"]
[WhiteElo "2361"]
[BlackElo "2440"]
[PlyCount "78"]
[EventDate "2015.??.??"]
[EventType "tourn (corr)"]
[EventRounds "10"]
[EventCountry "GER"]
[SourceTitle "Corr 2017"]
[Source "ChessBase"]
[SourceDate "2017.09.19"]
[SourceVersion "1"]
[SourceVersionDate "2017.09.19"]
[SourceQuality "1"]

1. d4 Nf6 2. c4 g6 3. g3 Bg7 4. Nf3 c6 5. Nc3 d5 6. Qb3 dxc4 7. Qxc4 0-0 8. Bg2 Bf5 9. 0-0 Nbd7 10. e3 e5 11. Qb3 Qc7 12. dxe5 Nxe5 13. Nxe5 Be6 14. Qb4 Qxe5 15. Qxb7 Qh5 16. Qxc6 Ng4 17. h4 Ne5 18. Qa4 Rad8 19. f3 h6 20. f4 Nd3 21. Qb5 Qg4 22. Ne4 Rd5 23. Qb7 Rc8 24. Bf3 Qh3 25. Bg2 Qf5 26. Bf3 Nc5 27. Qb4 a5 28. g4 axb4 29. gxf5 gxf5 30. Nxc5 Rdxc5 31. Kg2 Rc2+ 32. Kh3 Kh7 33. h5 Bc4 34. Rg1 Bf6 35. Bb7 Rc7 36. Bf3 Bd3 37. Rd1 Be4 38. Bxe4 fxe4 39. Kg4 R7c5 0-1

[Event "GER-ch45 final email"]
[Site "GER email"]
[Date "2015.10.19"]
[Round "?"]
[White "Lins, Thomas"]
[Black "Krueger, Wolfgang"]
[Result "1/2-1/2"]
[WhiteElo "2453"]
[BlackElo "2361"]
[PlyCount "69"]
[EventDate "2015.??.??"]
[EventType "tourn (corr)"]
[EventRounds "10"]
[EventCountry "GER"]
[SourceTitle "Corr 2017"]
[Source "ChessBase"]
[SourceDate "2017.09.19"]
[SourceVersion "1"]
[SourceVersionDate "2017.09.19"]
[SourceQuality "1"]

1. d4 Nf6 2. c4 e6 3. Nf3 b6 4. e3 d5 5. Nc3 Bb7 6. b3 Nbd7 7. Bb2 Bd6 8. Bd3 0-0 9. 0-0 a6 10. Rc1 Qe7 11. cxd5 exd5 12. Re1 Ne4 13. Ne2 Rae8 14. Nf4 c6 15. Bf1 Rc8 16. g3 a5 17. Re2 Rfe8 18. Bh3 Rb8 19. Rec2 g6 20. Nd3 Rbd8 21. Nfe5 Nb8 22. Nf4 f6 23. Ned3 Qf7 24. a3 Ba6 25. Bf1 Re7 26. Be2 Bb5 27. a4 Ba6 28. Ne1 Bb7 29. Neg2 Ng5 30. Bd3 Qf8 31. h4 Ne4 32. g4 Rde8 33. Qf3 Qf7 34. Qh3 g5 35. f3 1/2-1/2

[Event "Schleswig Holstein-ch Seniors"]
[Site "Leck"]
[Date "2014.04.15"]
[Round "5"]
[White "Schwarz, Frank"]
[Black "Krueger, Wolfgang"]
[Result "1/2-1/2"]
[WhiteElo "2239"]
[BlackElo "2135"]
[PlyCount "74"]
[EventDate "2014.04.12"]
[EventType "swiss"]
[EventRounds "9"]
[EventCountry "GER"]
[SourceTitle "EXT 2018"]
[Source "ChessBase"]
[SourceDate "2017.10.13"]
[SourceVersion "1"]
[SourceVersionDate "2017.10.13"]
[SourceQuality "1"]

1. c4 c5 2. Nc3 Nc6 3. g3 g6 4. Bg2 Bg7 5. d3 d6 6. e3 e5 7. Nge2 Nge7 8. a3 a5 9. Rb1 0-0 10. 0-0 Rb8 11. b3 f5 12. f4 Kh8 13. Qc2 Be6 14. Nd5 Bg8 15. Nec3 h6 16. Bd2 b6 17. Kh1 g5 18. Ne2 Nxd5 19. cxd5 Ne7 20. e4 gxf4 21. gxf4 Qe8 22. Rf3 Bh7 23. Rh3 fxe4 24. dxe4 Nxd5 25. f5 Nf6 26. Rf1 Rd8 27. Nc3 Qf7 28. Bf3 Rg8 29. Be2 d5 30. exd5 Bf8 31. Bc4 Rg4 32. Qd1 Rd4 33. Qe2 Qb7 34. Qg2 a4 35. Bxh6 axb3 36. Bg5 Bg7 37. Qe2 Re8 1/2-1/2

[Event "GER-chT23 Lands V-Gruppe 1 email"]
[Site "GER email"]
[Date "2013.09.28"]
[Round "?"]
[White "Hoebel, Hartmut"]
[Black "Krueger, Wolfgang"]
[Result "1-0"]
[WhiteElo "2160"]
[BlackElo "2158"]
[PlyCount "67"]
[EventDate "2013.10.14"]
[EventType "tourn (corr)"]
[EventRounds "4"]
[EventCountry "GER"]
[SourceTitle "Corr 2015"]
[Source "ChessBase"]
[SourceDate "2015.07.17"]
[SourceVersion "1"]
[SourceVersionDate "2015.07.17"]
[SourceQuality "1"]

1. d4 Nf6 2. c4 e6 3. Nf3 b6 4. g3 Ba6 5. b3 Bb7 6. Bg2 Bb4+ 7. Bd2 a5 8. 0-0 0-0 9. Nc3 d6 10. Qc2 Nbd7 11. Rfe1 Bxc3 12. Bxc3 Be4 13. Qd1 a4 14. b4 b5 15. cxb5 Qb8 16. Bf1 Qxb5 17. Nd2 Rfc8 18. f3 Qc6 19. Nxe4 Nxe4 20. Bb2 Nef6 21. e4 Qb6 22. a3 c5 23. dxc5 dxc5 24. Rb1 Rd8 25. Kg2 cxb4 26. Bd4 Qd6 27. e5 Qd5 28. exf6 Nxf6 29. Bb2 Qf5 30. Qe2 b3 31. Rbc1 h5 32. Qf2 Qg5 33. h4 Qh6 34. Rc5 1-0

[Event "GER-chT23 Lands V-Gruppe 1 email"]
[Site "GER email"]
[Date "2013.09.28"]
[Round "?"]
[White "Krueger, Wolfgang"]
[Black "Bartsch, Andreas"]
[Result "1/2-1/2"]
[WhiteElo "2158"]
[BlackElo "2048"]
[PlyCount "74"]
[EventDate "2013.10.14"]
[EventType "tourn (corr)"]
[EventRounds "4"]
[EventCountry "GER"]
[SourceTitle "Corr 2015"]
[Source "ChessBase"]
[SourceDate "2015.07.17"]
[SourceVersion "1"]
[SourceVersionDate "2015.07.17"]
[SourceQuality "1"]

1. e4 c5 2. Nf3 Nc6 3. d4 cxd4 4. Nxd4 Nf6 5. Nc3 e5 6. Ndb5 d6 7. Bg5 a6 8. Na3 b5 9. Bxf6 gxf6 10. Nd5 f5 11. Bd3 Be6 12. 0-0 Bxd5 13. exd5 Ne7 14. Re1 Bg7 15. c3 0-0 16. Qh5 e4 17. Bf1 Re8 18. Rad1 Rc8 19. Re3 Rc5 20. c4 bxc4 21. Rh3 Qc7 22. Qxh7+ Kf8 23. Rh5 Bxb2 24. Rg5 Nxd5 25. Nxc4 Rxc4 26. Rxd5 Rc1 27. Qh6+ Ke7 28. Rgxf5 Be5 29. Rdxe5+ dxe5 30. Qxa6 Rf8 31. g4 Qd6 32. Qb7+ Kd8 33. Qxe4 Qa6 34. Qg2 Qc4 35. Rxe5 Rxf1+ 36. Qxf1 Qxg4+ 37. Kh1 Qf3+ 1/2-1/2

[Event "GER-chT21 Lands email"]
[Site "GER email"]
[Date "2013.04.09"]
[Round "?"]
[White "Krueger, Wolfgang"]
[Black "Nitsche, Bernhard"]
[Result "1-0"]
[WhiteElo "2158"]
[BlackElo "2131"]
[PlyCount "129"]
[EventDate "2013.04.15"]
[EventType "tourn (corr)"]
[EventRounds "6"]
[EventCountry "GER"]
[SourceTitle "Corr 2015"]
[Source "ChessBase"]
[SourceDate "2015.07.17"]
[SourceVersion "1"]
[SourceVersionDate "2015.07.17"]
[SourceQuality "1"]

1. e4 c5 2. Nf3 Nc6 3. Bb5 g6 4. Bxc6 dxc6 5. d3 Bg7 6. h3 Nf6 7. Nc3 0-0 8. Be3 b6 9. Qd2 e5 10. Bh6 Qd6 11. Nh2 Nh5 12. Ng4 Be6 13. Bxg7 Kxg7 14. Qh6+ Kh8 15. f4 exf4 16. e5 Qd4 17. 0-0-0 f3 18. gxf3 f5 19. Ne2 Qd7 20. Nf6 Nxf6 21. Nf4 Qe8 22. exf6 Rxf6 23. Rde1 Qf7 24. Qg5 Rg8 25. a4 Bd5 26. c4 Be6 27. Kb1 Bd7 28. h4 Qf8 29. h5 gxh5 30. Qxh5 h6 31. Qh4 Qd6 32. a5 Kh7 33. a6 Bc8 34. Rh2 Bd7 35. Ka2 Qf8 36. Rhe2 Rf7 37. Qh2 Rf6 38. Qh5 Qd6 39. Re3 b5 40. R1e2 Rg5 41. Qh2 Kg8 42. Re7 Rf8 43. b3 Rd8 44. R7e5 Rg7 45. Qh4 Rf8 46. Ne6 Bxe6 47. Qxh6 Rh7 48. Rg2+ Kh8 49. Qxe6 Qxe6 50. Rxe6 Rc8 51. Re5 Rf8 52. Rxc5 Rh6 53. Ka3 bxc4 54. dxc4 Kh7 55. Re2 Rf7 56. Re8 f4 57. Rc8 Rh3 58. R8xc6 Rxf3 59. Rc7 Kg7 60. Rxf7+ Kxf7 61. Rc7+ Ke6 62. Rxa7 Rf1 63. Kb4 f3 64. Rh7 f2 65. Rh2 1-0

[Event "GER-chT21 Lands email"]
[Site "GER email"]
[Date "2013.04.09"]
[Round "?"]
[White "Nitsche, Bernhard"]
[Black "Krueger, Wolfgang"]
[Result "1/2-1/2"]
[WhiteElo "2131"]
[BlackElo "2158"]
[PlyCount "54"]
[EventDate "2013.04.15"]
[EventType "tourn (corr)"]
[EventRounds "6"]
[EventCountry "GER"]
[SourceTitle "Corr 2015"]
[Source "ChessBase"]
[SourceDate "2015.07.17"]
[SourceVersion "1"]
[SourceVersionDate "2015.07.17"]
[SourceQuality "1"]

1. d4 d5 2. c4 c6 3. e3 Bf5 4. cxd5 cxd5 5. Qb3 Qc7 6. Bb5+ Bd7 7. Nc3 e6 8. Nf3 Nc6 9. Bd2 Nf6 10. Rc1 Be7 11. 0-0 0-0 12. Bd3 Rfc8 13. Ne5 Be8 14. f4 Qb6 15. Qxb6 axb6 16. a3 Na5 17. Rc2 b5 18. Rfc1 Nc4 19. Nb1 Rcb8 20. Kf2 Nxd2 21. Nxd2 b4 22. axb4 Bxb4 23. g4 h5 24. g5 Nd7 25. Nef3 g6 26. Kg3 Nb6 27. Ne5 Nc8 1/2-1/2